[Event "Irena Warakomska Memorial A"]
[Site "Suwalki"]
[Date "2018.08.03"]
[Round "3"]
[White "Jankowiak, Tomasz"]
[Black "Sliwicka, Alicja"]
[Result "1/2-1/2"]
[Board "39"]
[WhiteElo "2115"]
[WhiteCountry "POL"]
[WhiteFideId "1185357"]
[WhiteEloChange "4"]
[BlackElo "2277"]
[BlackTitle "WFM"]
[BlackCountry "POL"]
[BlackFideId "1150677"]
[BlackEloChange "-4"]

1. e4 {[%clk 1:30:56]} e6 {[%clk 1:30:55]} 2. d4 {[%clk 1:31:18]} d5 {[%clk
1:31:22]} 3. Nd2 {[%clk 1:31:38]} Nf6 {[%clk 1:31:45]} 4. e5 {[%clk 1:32:01]}
Nfd7 {[%clk 1:32:10]} 5. f4 {[%clk 1:30:55]} c5 {[%clk 1:31:49]} 6. c3 {[%clk
1:31:19]} Nc6 {[%clk 1:31:36]} 7. Ndf3 {[%clk 1:31:30]} Be7 {[%clk 1:30:00]} 8.
g3 {[%clk 1:30:05]} b6 {[%clk 1:21:38]} 9. Bd3 {[%clk 1:23:45]} f5 {[%clk
1:18:49]} 10. Ne2 {[%clk 1:20:38]} O-O {[%clk 1:16:48]} 11. Be3 {[%clk 1:17:23]}
a5 {[%clk 1:15:13]} 12. Rc1 {[%clk 1:11:25]} c4 {[%clk 1:10:30]} 13. Bc2 {[%clk
1:05:39]} b5 {[%clk 1:10:07]} 14. h3 {[%clk 0:35:56]} Nb6 {[%clk 1:05:21]} 15. g4
{[%clk 0:32:49]} b4 {[%clk 1:02:22]} 16. Ra1 {[%clk 0:31:39]} a4 {[%clk 1:01:45]}
17. a3 {[%clk 0:31:49]} bxa3 {[%clk 1:00:56]} 18. bxa3 {[%clk 0:32:10]} Na5
{[%clk 1:00:46]} 19. Ra2 {[%clk 0:30:08]} Nb3 {[%clk 0:58:52]} 20. Ng3 {[%clk
0:29:17]} Ra6 {[%clk 0:54:51]} 21. Ke2 {[%clk 0:19:37]} Na8 {[%clk 0:54:43]} 22.
Qb1 {[%clk 0:18:27]} Qd7 {[%clk 0:54:06]} 23. Qe1 {[%clk 0:16:06]} Nc7 {[%clk
0:51:47]} 24. Nd2 {[%clk 0:15:59]} Nb5 {[%clk 0:47:47]} 25. Nb1 {[%clk 0:16:11]}
Qd8 {[%clk 0:44:11]} 26. Qg1 {[%clk 0:04:50]} Qa5 {[%clk 0:42:26]} 27. Qe1 {[%clk
0:03:42]} Bd7 {[%clk 0:40:01]} 28. Kf3 {[%clk 0:03:01]} Rf7 {[%clk 0:36:33]} 29.
Kg2 {[%clk 0:02:59]} Qd8 {[%clk 0:35:50]} 30. Ne2 {[%clk 0:02:45]} Qf8 {[%clk
0:35:04]} 31. Bc1 {[%clk 0:03:06]} Be8 {[%clk 0:31:30]} 32. Bb2 {[%clk 0:03:21]}
Kh8 {[%clk 0:25:34]} 33. g5 {[%clk 0:01:10]} Bd8 {[%clk 0:21:05]} 34. h4 {[%clk
0:01:04]} h5 {[%clk 0:18:36]} 35. Qf2 {[%clk 0:00:48]} g6 {[%clk 0:17:45]} 36.
Rd1 {[%clk 0:01:08]} Rb7 {[%clk 0:17:39]} 37. Qe3 {[%clk 0:00:41]} Rab6 {[%clk
0:17:08]} 38. Kf1 {[%clk 0:00:35]} Na7 {[%clk 0:16:49]} 39. Bc1 {[%clk 0:00:37]}
Na5 {[%clk 0:15:41]} 40. Ra1 {[%clk 0:30:33]} Be7 {[%clk 0:45:10]} 41. Ke1 {[%clk
0:26:50]} Bd7 {[%clk 0:44:56]} 42. Kf1 {[%clk 0:24:02]} Qb8 {[%clk 0:44:41]} 43.
Nd2 {[%clk 0:24:14]} Nb3 {[%clk 0:42:57]} 44. Ra2 {[%clk 0:20:37]} Nc6 {[%clk
0:38:48]} 45. Ke1 {[%clk 0:19:19]} Nca5 {[%clk 0:34:55]} 46. Nb1 {[%clk 0:19:11]}
Nxc1 {[%clk 0:33:38]} 47. Qxc1 {[%clk 0:19:30]} Rb2 {[%clk 0:31:26]} 48. Ra1
{[%clk 0:18:31]} Qf8 {[%clk 0:29:49]} 49. Kf2 {[%clk 0:18:10]} Bc6 {[%clk
0:27:16]} 50. Ke1 {[%clk 0:17:43]} Rxb1 {[%clk 0:23:51]} 51. Rxb1 {[%clk
0:17:10]} Bxa3 {[%clk 0:24:08]} 52. Qe3 {[%clk 0:16:31]} Nb3 {[%clk 0:24:28]} 53.
Kf2 {[%clk 0:15:30]} Qb8 {[%clk 0:24:03]} 54. Kf1 {[%clk 0:14:22]} Be7 {[%clk
0:21:37]} 55. Nc1 {[%clk 0:13:25]} Nxc1 {[%clk 0:19:43]} 56. Rdxc1 {[%clk
0:13:39]} a3 {[%clk 0:19:41]} 57. Rxb7 {[%clk 0:11:30]} Qxb7 {[%clk 0:20:06]} 58.
Rb1 {[%clk 0:10:59]} Qa7 {[%clk 0:19:57]} 59. Qc1 {[%clk 0:10:15]} Ba4 {[%clk
0:13:21]} 60. Bxa4 {[%clk 0:07:00]} Qxa4 {[%clk 0:13:47]} 61. Qd1 {[%clk
0:07:23]} Qa5 {[%clk 0:12:34]} 62. Qc2 {[%clk 0:07:35]} Kg7 {[%clk 0:12:31]} 63.
Ke2 {[%clk 0:05:53]} Kf7 {[%clk 0:12:26]} 64. Kd2 {[%clk 0:06:17]} Qa6 {[%clk
0:11:32]} 65. Qa2 {[%clk 0:04:46]} Qa7 {[%clk 0:11:14]} 66. Rb5 {[%clk 0:04:32]}
Qa6 {[%clk 0:11:28]} 67. Rb8 {[%clk 0:04:38]} Qa7 {[%clk 0:11:49]} 68. Rb1 {[%clk
0:04:55]} Qa6 {[%clk 0:11:56]} 69. Ra1 {[%clk 0:05:05]} Qa4 {[%clk 0:11:46]} 70.
Rb1 {[%clk 0:04:56]} 1/2-1/2

[Event "Irena Warakomska Memorial A"]
[Site "Suwalki"]
[Date "2018.08.03"]
[Round "3"]
[White "Buraczewski, Rafal"]
[Black "Zgadzaj, Rafal"]
[Result "0-1"]
[Board "41"]
[WhiteElo "2221"]
[WhiteCountry "POL"]
[WhiteFideId "1155245"]
[WhiteEloChange "-12"]
[BlackElo "2154"]
[BlackCountry "POL"]
[BlackFideId "1113712"]
[BlackEloChange "12"]

1. d4 {[%clk 1:30:58]} g6 {[%clk 1:30:54]} 2. c4 {[%clk 1:31:20]} Bg7 {[%clk
1:31:22]} 3. Nc3 {[%clk 1:31:39]} c5 {[%clk 1:31:36]} 4. d5 {[%clk 1:31:40]}
Bxc3+ {[%clk 1:32:00]} 5. bxc3 {[%clk 1:32:04]} f5 {[%clk 1:32:30]} 6. Qc2 {[%clk
1:27:44]} Nf6 {[%clk 1:27:02]} 7. Bh6 {[%clk 1:15:16]} d6 {[%clk 1:21:29]} 8. h4
{[%clk 1:05:17]} Qa5 {[%clk 1:20:23]} 9. e3 {[%clk 0:57:33]} Nbd7 {[%clk
1:18:38]} 10. Nh3 {[%clk 0:53:34]} Rg8 {[%clk 1:10:06]} 11. Bg5 {[%clk 0:37:30]}
Ne5 {[%clk 1:02:45]} 12. Bxf6 {[%clk 0:36:53]} exf6 {[%clk 1:00:17]} 13. Be2
{[%clk 0:27:31]} Bd7 {[%clk 0:54:17]} 14. f4 {[%clk 0:18:07]} Ng4 {[%clk
0:48:15]} 15. Bxg4 {[%clk 0:27:41]} fxg4 {[%clk 0:54:45]} 16. Nf2 {[%clk
0:28:10]} f5 {[%clk 0:55:13]} 17. e4 {[%clk 0:27:52]} g3 {[%clk 0:34:16]} 18. Nd1
{[%clk 0:26:40]} Ba4 {[%clk 0:29:41]} 19. Qd3 {[%clk 0:18:34]} O-O-O {[%clk
0:26:58]} 20. O-O {[%clk 0:16:38]} fxe4 {[%clk 0:23:50]} 21. Qxe4 {[%clk
0:14:45]} Bxd1 {[%clk 0:18:15]} 22. Raxd1 {[%clk 0:13:27]} Rge8 {[%clk 0:12:40]}
23. Qd3 {[%clk 0:13:45]} Qxa2 {[%clk 0:16:55]} 24. Ra1 {[%clk 0:14:06]} Qe2
{[%clk 0:17:02]} 25. Qxg3 {[%clk 0:12:34]} Qxc4 {[%clk 0:10:32]} 26. Rxa7 {[%clk
0:12:22]} Kb8 {[%clk 0:10:15]} 27. Raa1 {[%clk 0:12:38]} Qxd5 {[%clk 0:07:28]}
28. Rad1 {[%clk 0:08:01]} Qf5 {[%clk 0:04:41]} 29. c4 {[%clk 0:03:23]} d5 {[%clk
0:06:21]} 30. cxd5 {[%clk 0:08:27]} Rxd5 {[%clk 0:07:48]} 31. Rxd5 {[%clk
0:08:55]} Qxd5 {[%clk 0:07:59]} 32. f5+ {[%clk 0:08:54]} Qe5 {[%clk 0:08:12]} 33.
Qxe5+ {[%clk 0:08:13]} Rxe5 {[%clk 0:08:28]} 34. f6 {[%clk 0:08:35]} Re8 {[%clk
0:08:44]} 35. g4 {[%clk 0:08:15]} Kc7 {[%clk 0:04:28]} 36. g5 {[%clk 0:08:19]} b5
{[%clk 0:01:58]} 37. Kf2 {[%clk 0:06:34]} b4 38. Re1 {[%clk 0:36:44]} Rb8 {[%clk
0:01:15]} 39. Ke3 {[%clk 0:35:05]} Kc6 {[%clk 0:30:51]} 40. Kd2 {[%clk 0:28:07]}
c4 {[%clk 0:21:39]} 41. Kc2 {[%clk 0:24:08]} Kc5 {[%clk 0:17:49]} 42. Rf1 {[%clk
0:20:10]} Kd6 {[%clk 0:18:08]} 43. Rd1+ {[%clk 0:17:35]} Ke5 {[%clk 0:15:45]} 44.
Re1+ {[%clk 0:11:55]} Kf5 {[%clk 0:13:19]} 45. Re7 {[%clk 0:12:15]} b3+ {[%clk
0:14:55]} 46. Kb1 {[%clk 0:12:25]} c3 {[%clk 0:13:16]} 47. Rc7 {[%clk 0:12:49]}
c2+ {[%clk 0:12:44]} 48. Kb2 {[%clk 0:11:03]} Kg4 {[%clk 0:09:52]} 49. Rc4+
{[%clk 0:04:28]} Kg3 {[%clk 0:06:52]} 50. Re4 {[%clk 0:04:44]} Rc8 {[%clk
0:09:14]} 51. Re1 {[%clk 0:05:11]} Kxh4 {[%clk 0:08:42]} 52. Rg1 {[%clk 0:04:37]}
Rc7 {[%clk 0:06:07]} 53. Kc1 {[%clk 0:03:38]} Kh5 {[%clk 0:06:05]} 54. Kb2 {[%clk
0:02:36]} h6 {[%clk 0:06:30]} 55. gxh6 {[%clk 0:03:43]} Kxh6 {[%clk 0:06:08]} 56.
Rf1 {[%clk 0:03:13]} c1Q+ {[%clk 0:05:43]} 0-1

[Event "Irena Warakomska Memorial A"]
[Site "Suwalki"]
[Date "2018.08.03"]
[Round "4"]
[White "Tomczak, Jacek"]
[Black "Gleizerov, Evgeny"]
[Result "1-0"]
[Board "1"]
[WhiteElo "2600"]
[WhiteTitle "GM"]
[WhiteCountry "POL"]
[WhiteFideId "1124668"]
[WhiteEloChange "4"]
[BlackElo "2513"]
[BlackTitle "GM"]
[BlackCountry "RUS"]
[BlackFideId "4101332"]
[BlackEloChange "-4"]

1. e4 {[%clk 1:30:57]} e6 {[%clk 1:30:55]} 2. d4 {[%clk 1:31:21]} d5 {[%clk
1:31:21]} 3. Nc3 {[%clk 1:31:44]} Nf6 {[%clk 1:31:47]} 4. Bg5 {[%clk 1:32:01]}
Be7 {[%clk 1:32:13]} 5. e5 {[%clk 1:32:25]} Nfd7 {[%clk 1:32:40]} 6. h4 {[%clk
1:32:47]} h6 {[%clk 1:33:07]} 7. Be3 {[%clk 1:33:07]} c5 {[%clk 1:33:33]} 8. Qg4
{[%clk 1:33:17]} g6 {[%clk 1:33:59]} 9. dxc5 {[%clk 1:33:41]} Nc6 {[%clk
1:34:26]} 10. O-O-O {[%clk 1:34:02]} Ndxe5 {[%clk 1:34:51]} 11. Qg3 {[%clk
1:34:28]} h5 {[%clk 1:35:15]} 12. Be2 {[%clk 1:34:52]} b6 {[%clk 1:21:02]} 13.
Bb5 {[%clk 1:03:10]} Bd7 {[%clk 1:21:08]} 14. Nxd5 {[%clk 1:02:31]} exd5 {[%clk
1:21:29]} 15. Rxd5 {[%clk 1:02:53]} bxc5 {[%clk 1:16:54]} 16. Nf3 {[%clk
0:54:07]} Qb6 {[%clk 1:09:02]} 17. Nxe5 {[%clk 0:49:37]} Qxb5 {[%clk 1:09:16]}
18. Rxd7 {[%clk 0:49:15]} Bf6 {[%clk 0:55:34]} 19. Qf3 {[%clk 0:46:27]} Nxe5
{[%clk 0:51:28]} 20. Qxf6 {[%clk 0:45:15]} Kxd7 {[%clk 0:51:29]} 21. Rd1+ {[%clk
0:45:32]} Kc7 {[%clk 0:51:42]} 22. Qxe5+ {[%clk 0:45:39]} Kb7 {[%clk 0:51:50]}
23. Qe7+ {[%clk 0:45:09]} Ka6 {[%clk 0:51:39]} 24. Rd6+ {[%clk 0:45:05]} Ka5
{[%clk 0:52:04]} 25. Bd2+ {[%clk 0:45:22]} Ka4 {[%clk 0:52:27]} 26. Ra6+ {[%clk
0:45:36]} Qxa6 {[%clk 0:52:51]} 27. Qd7+ {[%clk 0:46:01]} 1-0

[Event "Irena Warakomska Memorial A"]
[Site "Suwalki"]
[Date "2018.08.03"]
[Round "4"]
[White "Caspi, Israel"]
[Black "Shtembuliak, Evgeny"]
[Result "1/2-1/2"]
[Board "2"]
[WhiteElo "2484"]
[WhiteTitle "IM"]
[WhiteCountry "ISR"]
[WhiteFideId "2807394"]
[BlackElo "2517"]
[BlackTitle "IM"]
[BlackCountry "UKR"]
[BlackFideId "14113325"]

1. e4 {[%clk 1:30:57]} e6 {[%clk 1:30:55]} 2. d4 {[%clk 1:31:21]} d5 {[%clk
1:31:21]} 3. Nd2 {[%clk 1:31:44]} c5 {[%clk 1:31:42]} 4. Ngf3 {[%clk 1:31:58]}
Nc6 {[%clk 1:32:01]} 5. exd5 {[%clk 1:32:13]} exd5 {[%clk 1:32:26]} 6. Bb5 {[%clk
1:32:37]} Qe7+ {[%clk 1:32:51]} 7. Be2 {[%clk 1:32:59]} Nf6 {[%clk 1:33:16]} 8.
O-O {[%clk 1:32:50]} Qc7 {[%clk 1:33:41]} 9. dxc5 {[%clk 1:29:41]} Bxc5 {[%clk
1:33:55]} 10. Nb3 {[%clk 1:30:02]} Be7 {[%clk 1:34:18]} 11. Bg5 {[%clk 1:29:01]}
O-O {[%clk 1:34:39]} 12. c3 {[%clk 1:29:26]} Be6 {[%clk 1:35:03]} 13. Re1 {[%clk
1:26:01]} Rae8 {[%clk 1:34:46]} 14. Bd3 {[%clk 1:18:40]} h6 {[%clk 1:25:43]} 15.
Bh4 {[%clk 1:18:46]} Ng4 {[%clk 1:25:19]} 16. Bg3 {[%clk 1:12:22]} Bd6 {[%clk
1:25:24]} 17. Bxd6 {[%clk 1:11:23]} Qxd6 {[%clk 1:25:49]} 18. h3 {[%clk 1:07:31]}
Nf6 {[%clk 1:23:45]} 19. Nbd4 {[%clk 1:01:39]} Bd7 {[%clk 1:16:27]} 20. Qc2
{[%clk 0:52:41]} Nxd4 {[%clk 1:10:29]} 21. Nxd4 {[%clk 0:52:41]} Re5 {[%clk
1:12:58]} 22. Nf3 {[%clk 0:49:37]} Rxe1+ {[%clk 1:09:15]} 23. Rxe1 {[%clk
0:49:58]} Re8 {[%clk 1:09:41]} 24. Rxe8+ {[%clk 0:48:37]} Bxe8 {[%clk 1:10:05]}
25. Qe2 {[%clk 0:47:17]} Bd7 {[%clk 1:03:21]} 26. Qe3 {[%clk 0:46:14]} b6 {[%clk
1:03:46]} 27. Qd4 {[%clk 0:42:27]} Be6 {[%clk 0:56:25]} 28. Qa4 {[%clk 0:38:20]}
Qd7 {[%clk 0:54:21]} 29. Qf4 {[%clk 0:37:05]} Qd8 {[%clk 0:44:48]} 30. Nd4 {[%clk
0:36:41]} Ne8 {[%clk 0:43:41]} 31. Qe3 {[%clk 0:21:53]} Qd6 {[%clk 0:37:13]} 32.
Bf5 {[%clk 0:15:58]} Nc7 {[%clk 0:37:08]} 33. Bc2 {[%clk 0:16:16]} Kf8 {[%clk
0:34:09]} 34. a3 {[%clk 0:14:02]} Bd7 {[%clk 0:33:54]} 35. Bd3 {[%clk 0:13:58]}
Ne6 {[%clk 0:28:38]} 36. h4 {[%clk 0:09:39]} Nxd4 {[%clk 0:25:52]} 37. Qxd4
{[%clk 0:09:42]} Be6 {[%clk 0:25:37]} 38. g3 {[%clk 0:07:48]} f6 {[%clk 0:25:21]}
39. Qa4 {[%clk 0:05:35]} Qc7 {[%clk 0:14:52]} 40. Bg6 {[%clk 0:34:30]} Bf7 {[%clk
0:43:15]} 41. h5 {[%clk 0:31:20]} Bxg6 {[%clk 0:28:38]} 42. hxg6 {[%clk 0:31:41]}
Ke7 {[%clk 0:27:49]} 43. Qb4+ {[%clk 0:25:37]} Qd6 {[%clk 0:26:06]} 44. Qa4
{[%clk 0:25:58]} a5 {[%clk 0:23:38]} 45. Qd4 {[%clk 0:25:12]} Qc5 {[%clk
0:19:29]} 46. Qd3 {[%clk 0:23:47]} Kd6 {[%clk 0:14:32]} 1/2-1/2

[Event "Irena Warakomska Memorial A"]
[Site "Suwalki"]
[Date "2018.08.03"]
[Round "4"]
[White "Matviishen, Viktor"]
[Black "Fedorov, Alexei"]
[Result "1/2-1/2"]
[Board "4"]
[WhiteElo "2423"]
[WhiteTitle "IM"]
[WhiteCountry "UKR"]
[WhiteFideId "14129850"]
[WhiteEloChange "2"]
[BlackElo "2572"]
[BlackTitle "GM"]
[BlackCountry "BLR"]
[BlackFideId "13500465"]
[BlackEloChange "-2"]

1. d4 {[%clk 1:27:18]} Nf6 {[%clk 1:30:52]} 2. c4 {[%clk 1:27:44]} g6 {[%clk
1:31:14]} 3. Nc3 {[%clk 1:28:09]} Bg7 {[%clk 1:31:39]} 4. e4 {[%clk 1:28:21]} d6
{[%clk 1:32:04]} 5. Bd3 {[%clk 1:28:43]} O-O {[%clk 1:32:18]} 6. Nge2 {[%clk
1:29:09]} Nc6 {[%clk 1:31:40]} 7. O-O {[%clk 1:28:08]} Nd7 {[%clk 1:31:43]} 8. d5
{[%clk 1:18:15]} Nce5 {[%clk 1:31:27]} 9. f4 {[%clk 1:18:36]} Nxd3 {[%clk
1:30:36]} 10. Qxd3 {[%clk 1:19:03]} Nc5 {[%clk 1:25:07]} 11. Qf3 {[%clk 1:17:32]}
f5 {[%clk 1:20:37]} 12. exf5 {[%clk 1:17:47]} Bxf5 {[%clk 1:20:30]} 13. Be3
{[%clk 1:17:47]} Qd7 {[%clk 1:13:14]} 14. h3 {[%clk 1:14:58]} Bd3 {[%clk
0:55:46]} 15. Bxc5 {[%clk 1:13:36]} Bxe2 {[%clk 0:56:12]} 16. Qxe2 {[%clk
1:13:59]} dxc5 {[%clk 0:56:39]} 17. Ne4 {[%clk 1:07:01]} e6 {[%clk 0:47:05]} 18.
Qg4 {[%clk 1:06:07]} Rae8 {[%clk 0:42:09]} 19. Rae1 {[%clk 0:50:01]} Re7 {[%clk
0:33:08]} 20. Kh1 {[%clk 0:42:08]} exd5 {[%clk 0:26:49]} 21. Qxd7 {[%clk
0:42:33]} Rxd7 {[%clk 0:27:16]} 22. Nxc5 {[%clk 0:42:56]} Rd6 {[%clk 0:25:16]}
23. Ne6 {[%clk 0:43:17]} Rf7 {[%clk 0:25:06]} 24. Nxg7 {[%clk 0:38:46]} Kxg7
{[%clk 0:25:29]} 25. cxd5 {[%clk 0:39:12]} Rxd5 {[%clk 0:25:40]} 26. Re2 {[%clk
0:39:21]} g5 {[%clk 0:24:48]} 27. g3 {[%clk 0:39:19]} gxf4 {[%clk 0:22:49]} 28.
Rxf4 {[%clk 0:38:51]} Rxf4 {[%clk 0:23:05]} 29. gxf4 {[%clk 0:39:19]} Kf6 {[%clk
0:23:11]} 30. Kg2 {[%clk 0:39:48]} Rd3 {[%clk 0:21:55]} 31. b3 {[%clk 0:38:39]}
c5 {[%clk 0:20:14]} 32. Re5 {[%clk 0:34:29]} b6 {[%clk 0:18:25]} 33. Rh5 {[%clk
0:34:54]} Rd2+ {[%clk 0:17:43]} 34. Kf3 {[%clk 0:35:00]} Rxa2 {[%clk 0:18:11]}
35. Rxh7 {[%clk 0:35:23]} Ra3 {[%clk 0:18:15]} 36. Kg4 {[%clk 0:35:39]} Rxb3
{[%clk 0:09:14]} 37. Rxa7 {[%clk 0:36:06]} c4 {[%clk 0:09:28]} 38. Rc7 {[%clk
0:36:31]} b5 {[%clk 0:07:49]} 39. h4 {[%clk 0:36:44]} c3 {[%clk 0:07:18]} 40. h5
{[%clk 1:06:28]} b4 {[%clk 0:37:24]} 41. Rc6+ {[%clk 0:58:47]} Ke7 {[%clk
0:32:57]} 42. h6 {[%clk 0:55:58]} Rb1 {[%clk 0:32:21]} 43. h7 {[%clk 0:55:48]}
Rh1 {[%clk 0:32:13]} 44. Rc4 {[%clk 0:56:15]} Kd6 {[%clk 0:29:53]} 45. Rxb4
{[%clk 0:56:38]} Rxh7 {[%clk 0:30:09]} 46. Rb1 {[%clk 0:57:01]} Kd5 {[%clk
0:25:09]} 47. f5 {[%clk 0:57:07]} 1/2-1/2

[Event "Irena Warakomska Memorial A"]
[Site "Suwalki"]
[Date "2018.08.03"]
[Round "4"]
[White "Koziak, Vitali"]
[Black "Socko, Bartosz"]
[Result "1/2-1/2"]
[Board "5"]
[WhiteElo "2473"]
[WhiteTitle "IM"]
[WhiteCountry "UKR"]
[WhiteFideId "14102234"]
[WhiteEloChange "2"]
[BlackElo "2592"]
[BlackTitle "GM"]
[BlackCountry "POL"]
[BlackFideId "1107038"]
[BlackEloChange "-2"]

1. Nf3 {[%clk 1:30:48]} Nf6 {[%clk 1:30:52]} 2. c4 {[%clk 1:30:37]} e6 {[%clk
1:30:50]} 3. Nc3 {[%clk 1:29:28]} Bb4 {[%clk 1:30:55]} 4. g3 {[%clk 1:26:11]} O-O
{[%clk 1:30:00]} 5. Bg2 {[%clk 1:26:30]} d5 {[%clk 1:29:41]} 6. Qb3 {[%clk
1:26:10]} c5 {[%clk 1:26:30]} 7. O-O {[%clk 1:25:28]} Nc6 {[%clk 1:24:27]} 8. d3
{[%clk 1:22:49]} h6 {[%clk 1:16:01]} 9. Na4 {[%clk 1:06:27]} b6 {[%clk 1:14:15]}
10. Rd1 {[%clk 0:59:23]} Qe7 {[%clk 1:09:06]} 11. a3 {[%clk 0:53:02]} Ba5 {[%clk
1:09:14]} 12. Qc2 {[%clk 0:52:14]} Ba6 {[%clk 1:01:56]} 13. b3 {[%clk 0:50:04]}
Rac8 {[%clk 1:00:53]} 14. Bb2 {[%clk 0:47:26]} Rfd8 {[%clk 0:59:39]} 15. Ne5
{[%clk 0:43:09]} Bb7 {[%clk 0:58:57]} 16. e4 {[%clk 0:32:23]} d4 {[%clk 0:55:59]}
17. Nf3 {[%clk 0:27:28]} a6 {[%clk 0:50:56]} 18. Rac1 {[%clk 0:24:23]} Nd7 {[%clk
0:48:31]} 19. Ba1 {[%clk 0:16:37]} Rc7 {[%clk 0:45:40]} 20. Qb1 {[%clk 0:13:23]}
e5 {[%clk 0:37:16]} 21. Nh4 {[%clk 0:13:06]} g6 {[%clk 0:36:11]} 22. Bh3 {[%clk
0:12:39]} Ncb8 {[%clk 0:35:45]} 23. Rf1 {[%clk 0:11:30]} b5 {[%clk 0:30:27]} 24.
Nb2 {[%clk 0:11:12]} Nb6 {[%clk 0:27:47]} 25. Rc2 {[%clk 0:10:43]} Bc3 {[%clk
0:26:47]} 26. Nd1 {[%clk 0:08:36]} b4 {[%clk 0:26:44]} 27. Bb2 {[%clk 0:08:31]}
Bxb2 {[%clk 0:24:15]} 28. Rxb2 {[%clk 0:07:19]} bxa3 {[%clk 0:24:21]} 29. Ra2
{[%clk 0:07:44]} Nc6 {[%clk 0:24:37]} 30. Rxa3 {[%clk 0:08:04]} Nb4 {[%clk
0:24:53]} 31. Nb2 {[%clk 0:06:23]} Nc8 {[%clk 0:23:09]} 32. Qc1 {[%clk 0:06:10]}
Kg7 {[%clk 0:23:20]} 33. Qd2 {[%clk 0:04:48]} Bc6 {[%clk 0:20:35]} 34. Ra5 {[%clk
0:03:06]} Nd6 {[%clk 0:20:02]} 35. Raa1 {[%clk 0:02:11]} Rb8 {[%clk 0:19:30]} 36.
Na4 {[%clk 0:01:47]} Bxa4 {[%clk 0:16:14]} 37. Rxa4 {[%clk 0:01:12]} Rb6 {[%clk
0:16:31]} 38. Rfa1 {[%clk 0:01:00]} Nc6 {[%clk 0:15:44]} 39. Rxa6 {[%clk
0:01:03]} Rxb3 {[%clk 0:15:57]} 40. R1a3 {[%clk 0:30:34]} Rb1+ {[%clk 0:41:30]}
41. Kg2 {[%clk 0:30:05]} Nb4 {[%clk 0:40:48]} 42. Ra8 {[%clk 0:26:08]} Rb7 {[%clk
0:40:21]} 43. Rh8 {[%clk 0:16:52]} Qg5 {[%clk 0:35:26]} 44. f4 {[%clk 0:17:16]}
exf4 {[%clk 0:34:02]} 45. Nf3 {[%clk 0:16:46]} Nxd3 {[%clk 0:16:06]} 46. Nxg5
{[%clk 0:14:18]} Ne1+ {[%clk 0:13:47]} 47. Qxe1 {[%clk 0:10:11]} Rxe1 {[%clk
0:09:13]} 48. Rh7+ {[%clk 0:10:05]} Kf6 {[%clk 0:09:37]} 49. gxf4 {[%clk
0:08:02]} Rb2+ {[%clk 0:08:24]} 50. Kf3 {[%clk 0:07:32]} hxg5 {[%clk 0:08:49]}
51. e5+ {[%clk 0:07:52]} Rxe5 {[%clk 0:09:15]} 52. fxe5+ {[%clk 0:08:18]} Kxe5
{[%clk 0:09:40]} 53. Ra7 {[%clk 0:04:53]} f5 {[%clk 0:06:43]} 54. Rae7+ {[%clk
0:03:31]} Kf6 {[%clk 0:07:06]} 55. Bg2 {[%clk 0:02:23]} g4+ {[%clk 0:05:45]} 56.
Kg3 {[%clk 0:02:44]} Nxc4 {[%clk 0:05:12]} 57. h4 {[%clk 0:01:30]} gxh3 {[%clk
0:05:13]} 58. Kh4 {[%clk 0:01:44]} Ne5 {[%clk 0:04:21]} 59. Bd5 {[%clk 0:01:29]}
f4 {[%clk 0:02:25]} 60. Re8 {[%clk 0:01:27]} h2 {[%clk 0:01:45]} 61. Rf8+ {[%clk
0:01:42]} Nf7 {[%clk 0:02:10]} 62. Rfxf7+ {[%clk 0:01:07]} Ke5 {[%clk 0:02:36]}
63. Bf3 {[%clk 0:01:25]} d3 {[%clk 0:02:12]} 64. Rd7 {[%clk 0:01:39]} Rb1 {[%clk
0:01:49]} 65. Rhe7+ {[%clk 0:00:38]} Kf6 {[%clk 0:02:13]} 66. Rf7+ {[%clk
0:00:50]} Ke5 {[%clk 0:02:34]} 67. Rfe7+ {[%clk 0:01:01]} Kf6 {[%clk 0:02:59]}
68. Kh3 {[%clk 0:00:38]} h1R+ {[%clk 0:02:44]} 69. Bxh1 {[%clk 0:00:57]} Rxh1+
{[%clk 0:03:11]} 70. Kg2 {[%clk 0:00:49]} Rc1 {[%clk 0:03:33]} 71. Rf7+ {[%clk
0:00:37]} Ke6 {[%clk 0:03:51]} 72. Rfe7+ {[%clk 0:01:03]} Kf6 {[%clk 0:04:18]}
73. Rf7+ {[%clk 0:00:50]} Ke5 {[%clk 0:04:42]} 1/2-1/2

[Event "Irena Warakomska Memorial A"]
[Site "Suwalki"]
[Date "2018.08.03"]
[Round "4"]
[White "Kashlinskaya, Alina"]
[Black "Sadzikowski, Daniel"]
[Result "1/2-1/2"]
[Board "6"]
[WhiteElo "2435"]
[WhiteTitle "IM"]
[WhiteCountry "RUS"]
[WhiteFideId "4198026"]
[WhiteEloChange "2"]
[BlackElo "2567"]
[BlackTitle "GM"]
[BlackCountry "POL"]
[BlackFideId "1132253"]
[BlackEloChange "-2"]

1. d4 {[%clk 1:30:56]} Nf6 {[%clk 1:30:55]} 2. c4 {[%clk 1:31:20]} e6 {[%clk
1:31:21]} 3. Nc3 {[%clk 1:31:45]} Bb4 {[%clk 1:31:47]} 4. Qc2 {[%clk 1:32:03]}
O-O {[%clk 1:32:12]} 5. a3 {[%clk 1:32:26]} Bxc3+ {[%clk 1:32:34]} 6. Qxc3 {[%clk
1:32:53]} d6 {[%clk 1:32:44]} 7. Nf3 {[%clk 1:33:13]} Nbd7 {[%clk 1:32:32]} 8. g3
{[%clk 1:33:19]} a5 {[%clk 1:29:15]} 9. b3 {[%clk 1:32:55]} b6 {[%clk 1:27:01]}
10. Bg2 {[%clk 1:32:27]} Bb7 {[%clk 1:27:26]} 11. O-O {[%clk 1:31:57]} Be4 {[%clk
1:26:36]} 12. Bb2 {[%clk 1:29:13]} h6 {[%clk 1:19:11]} 13. Bh3 {[%clk 1:23:41]}
Bh7 {[%clk 1:04:35]} 14. Nd2 {[%clk 1:18:00]} c6 {[%clk 1:03:31]} 15. Bg2 {[%clk
0:58:03]} d5 {[%clk 1:03:54]} 16. b4 {[%clk 0:53:39]} Re8 {[%clk 0:55:21]} 17.
Rfe1 {[%clk 0:45:28]} Qe7 {[%clk 0:51:14]} 18. Rad1 {[%clk 0:42:22]} axb4 {[%clk
0:36:35]} 19. axb4 {[%clk 0:42:37]} Ra4 {[%clk 0:36:50]} 20. Ra1 {[%clk 0:41:10]}
Rea8 {[%clk 0:36:19]} 21. e3 {[%clk 0:38:37]} Qf8 {[%clk 0:29:08]} 22. f3 {[%clk
0:32:31]} Rxa1 {[%clk 0:23:30]} 23. Rxa1 {[%clk 0:32:22]} Rxa1+ {[%clk 0:23:55]}
24. Bxa1 {[%clk 0:32:47]} Qa8 {[%clk 0:24:16]} 25. Bf1 {[%clk 0:26:09]} Bg6
{[%clk 0:17:47]} 26. Bb2 {[%clk 0:25:35]} Qb7 {[%clk 0:14:10]} 27. Qa3 {[%clk
0:25:04]} Ne8 {[%clk 0:11:56]} 28. Be2 {[%clk 0:17:59]} f6 {[%clk 0:11:36]} 29.
Qa4 {[%clk 0:14:38]} Nd6 {[%clk 0:10:13]} 30. b5 {[%clk 0:11:17]} c5 {[%clk
0:10:00]} 31. Qa6 {[%clk 0:09:54]} cxd4 {[%clk 0:09:10]} 32. Bxd4 {[%clk
0:08:20]} e5 {[%clk 0:07:40]} 33. Bb2 {[%clk 0:07:02]} Bf7 {[%clk 0:07:41]} 34.
Qxb7 {[%clk 0:06:03]} Nxb7 {[%clk 0:08:09]} 35. cxd5 {[%clk 0:06:09]} Bxd5 {[%clk
0:08:23]} 1/2-1/2